| Tag |
First Indicator |
Second Indicator |
Subfields |
| LEADER |
00000cam a2200000 i 4500 |
| 001 |
in00003732721 |
| 005 |
20211120180507.0 |
| 006 |
m o d f |
| 007 |
cr bn||||||||| |
| 008 |
140926s1970 dcua ob f000 0 eng c |
| 035 |
|
|
|a (OCoLC)ocn891382830
|
| 040 |
|
|
|a COP
|b eng
|e rda
|e pn
|c COP
|d OCLCO
|d OCLCF
|d GPO
|d MvI
|d UtOrBLW
|
| 042 |
|
|
|a pcc
|
| 049 |
|
|
|a WWW
|
| 074 |
|
|
|a 0620 (online)
|
| 086 |
0 |
|
|a I 19.3:1313-C
|
| 100 |
1 |
|
|a Zohdy, Adel A. R.,
|d 1935-2014
|e author.
|0 http://id.loc.gov/authorities/names/n50015012
|
| 245 |
1 |
0 |
|a Electrical resistivity sounding with an L-shaped array /
|c by Adel A.R. Zohdy.
|
| 264 |
|
1 |
|a [Washington, D.C.] :
|b United States Department of the Interior, Geological Survey,
|c 1970.
|
| 264 |
|
2 |
|a Washington :
|b United States Government Printing Office
|
| 300 |
|
|
|a 1 online resource (iii, 20 pages) :
|b illustrations.
|
| 336 |
|
|
|a text
|b txt
|2 rdacontent
|
| 337 |
|
|
|a computer
|b c
|2 rdamedia
|
| 338 |
|
|
|a online resource
|b cr
|2 rdacarrier
|
| 490 |
1 |
|
|a Geological Survey bulletin ;
|v 1313-C
|
| 500 |
|
|
|a Title from title screen (viewed September 15, 2014).
|
| 500 |
|
|
|a "Mathematical criteria and field procedures for collecting, processing, and interpreting electrical souding data obtained by means of an L-shaped array."
|
| 500 |
|
|
|a "New techniques in direct-current resistivity exploration."
|
| 504 |
|
|
|a Includes bibliographical references (pages 19-20).
|
| 650 |
|
0 |
|a Earth resistance (Geophysics)
|0 http://id.loc.gov/authorities/subjects/sh85040463
|
| 650 |
|
0 |
|a Electric currents.
|0 http://id.loc.gov/authorities/subjects/sh85041640
|
| 650 |
|
0 |
|a Electric prospecting.
|0 http://id.loc.gov/authorities/subjects/sh85041941
|
| 650 |
|
7 |
|a Earth resistance (Geophysics)
|2 fast
|0 (OCoLC)fst01816876
|
| 650 |
|
7 |
|a Electric currents.
|2 fast
|0 (OCoLC)fst00904647
|
| 650 |
|
7 |
|a Electric prospecting.
|2 fast
|0 (OCoLC)fst00905762
|
| 710 |
2 |
|
|a Geological Survey (U.S.),
|e issuing body.
|0 http://id.loc.gov/authorities/names/n80092173
|
| 776 |
0 |
8 |
|i Print version:
|a Zohdy, Adel A. R., 1935-
|t Electrical resistivity sounding with an L-shaped array
|w (DLC) 74608192
|w (OCoLC)103192
|
| 830 |
|
0 |
|a Geological Survey bulletin ;
|v 1313-C.
|0 http://id.loc.gov/authorities/names/n42012100
|
| 856 |
4 |
0 |
|u https://purl.fdlp.gov/GPO/gpo71272
|t 0
|
| 999 |
f |
f |
|s 796879c3-f296-3f2d-b4ec-fbb0ec802bd5
|i 42647ded-1578-3bab-83ab-4b0269e1a802
|t 0
|
| 952 |
f |
f |
|a Texas A&M University
|b College Station
|c Electronic Resources
|d Available Online
|t 0
|e I 19.3:1313-C
|h Superintendent of Documents classification
|
| 998 |
f |
f |
|a I 19.3:1313-C
|t 0
|l Available Online
|